Masyarakat Islam di bawah naungan keadilan

Bibliographic Details
Main Author: منجد، صلاح الدين (Author)
Format: Book
Published: Kuala Lumpur : Dewan Pustaka Fajar , 1988
Subjects:

MARC

LEADER 00000cam a2200000 7i4500
001 0000006886
005 20161103093000.0
090 0 0 |a BP173.45   |b .M912 
100 0 |a منجد، صلاح الدين ,   |e author 
245 0 0 |a Masyarakat Islam di bawah naungan keadilan   |c Salahuddin al-Munjid   |f terjemahan Che Yusuf Che Mat 
260 2 |a Kuala Lumpur :   |b Dewan Pustaka Fajar ,   |c 1988 
300 |a 141 ms. ;   |c 21 sm. 
650 0 |a Islamic sociology 
650 0 |a Social justice   |x Religious aspects   |x Islam 
999 |a 1000007465   |b Book   |c OPEN SHELF (30 DAYS)   |e Gong Badak Campus 
999 |a 1000007466   |b Book   |c OPEN SHELF (30 DAYS)   |e Gong Badak Campus